000 00543nam a2200181Ia 4500
005 20260429112240.0
008 260429s9999||||xx |||||||||||||| ||und||
020 _a9788177144017
041 _aHindi
082 _a891.433
_bRAN
100 _aरंजन, राकेश
245 0 _aमल्लो मथफोडवा /
_cराकेश रंजन
250 _a1st ed.
260 _aदिल्ली :
_bप्रकाशन संस्थान,
_c2012.
300 _a127 p.; Hb
650 _aHindi fiction
942 _cTB
999 _c53117
_d53117